Rubik's Cube General Knowledge - Statistics

General Stats
  • This quiz has been taken 62 times
    54 since last reset
  • The average score is 7 of 10
Answer Stats
Question Answer % Correct
What is the name of the method most commonly used by professional speedcubers to solve the cube? CFOP
90%
What is the name of the technique for solving a Rubik's cube without looking? Blindfolded
82%
What is the number of possible options for a mixed 3x3 Rubik's cube? 43 trillions
80%
How many segments (stickers/fields) are visible on the entire 3x3 Rubik's cube? 54
76%
Which of the following is NOT an official WCA (World Cube Association) competition? FTO
76%
In which country was the Rubik's cube invented? Hungary
76%
What is the name of the smallest Rubik's cube available for sale? 1x1x1
71%
In what year was the Rubik's cube invented? 1974
69%
Who was the first Rubik's Cube World Champion in 1982 in Budapest? Minh Thai
63%
How many elements (cubes) visible from the outside does a 3x3 Rubik's cube have? 26
55%
No matching quizzes found
Score Distribution
Percent of People with Each Score
Percentile by Number Answered
Your Score History
You have not taken this quiz since the last reset